Quizzes
Events
Quiz Creation
Community
Videos
Private Events
Remove Ads
Sign In
Join for FREE
Feedback
Dark Mode
Quiz Categories
Sports
Geography
Music
Movies
Television
Just For Fun
Miscellaneous
History
Literature
Language
Science
Gaming
Entertainment
Religion
Holiday
For Kids
Quiz Lab
Recent
Popular Today
Quiz Kudos Today
Editor Picks
Curator Picks
Quizzes by...
Day
Popularity
Type
Ratings
Length
Year
Community
Subscriptions
Recent Discussions
Orange Saloon
Badges
Playlists
Quests
Create
Leaderboards
Showdown
Live 5
Trivia Bingo
Activity
Puzzle Library
Sporcle Events
Private Events
Virtual Trivia
Globe League
Become a Host
Pub Owners
SporcleCon
Opinionation
Our Games
Videos
Blog
Mobile Apps
Partnerships
Remove Ads and Go Orange
Feedback
Movies
Disney
Marvel Cinematic Universe
Movie Resume
Movie Titles
Oscar
Actor
Actress
Director
Pixar
Role
Movie Quotes
Movie Characters
Box Office
Nominee
Best Picture
Star Wars
James Bond
Horror Movies
Movies
Disney
Marvel Cinematic Universe
Movie Resume
Movie Titles
Oscar
Actor
Actress
Director
Pixar
Role
Movie Quotes
Movie Characters
Box Office
Nominee
Best Picture
Star Wars
James Bond
Horror Movies
Random Quiz
Search Sporcle
×
Quiz Lab
Quiz Lab
Movies
Disney
Type in answers that appear in a list
Type in answers that appear in a list
Classic
Best Score? Go Orange.
Disney Movies by Characters Stats
Can you name the Disney Movies based on the Characters?
By
yosh_Ooz
6m
28 Questions
1,042 Plays
1,042 Plays
1,042 Plays
Comments
Comments
Give Quiz Kudos
Give Quiz Kudos
-
- Ratings
hide this ad
More Info
Replay
Link that replays current quiz
Next Quiz
Link to next quiz in quiz playlist
You Got
0%
They Got
Avg Score
69%
Avg Friend Score
Upgrade to see
Score Distribution
Jump to the score distribution portion of the page
Score
0/28
Timer
06:00
0
Plays Today
Characters
Disney Movie
% Correct
Chip, Lumiere, Mrs. Potts
Beauty and the Beast
96.2%
King Triton, Flotsam and Jetsam, Scuttle
The Little Mermaid
93.8%
Abu, Gazeem, Rajah
Aladdin
91.3%
Rafiki, Sarabi, Ed
The Lion King
89.4%
Doorknob, Tweedledee, Tweedledum
Alice in Wonderland
89.3%
Wendy, John, Michael
Peter Pan
86.9%
Jiminy Cricket, Geppetto, Lampwick
Pinocchio
84.4%
Friar Tuck, Little John, Sir Hiss
Robin Hood
82.2%
Cri-
kee, Fa Zhou, Yao
Mulan
80.7%
Duchess, Madame Bonfamille, Toulouse
The Aristocats
77.3%
Fauna, Flora, Merryweather
Sleeping Beauty
76.6%
Flit, Meeko, Thomas
Pocahontas
75%
Nigel, Bubbles, Deb and Flo
Finding Nemo
74.1%
Aunt Sarah, Jim Dear, Si and Am
Lady and the Tramp
72.4%
Characters
Disney Movie
% Correct
Mama Odie, Charlotte La Bouff, The Frog Hunters
The Princess and the Frog
69.9%
Sharpay Evans, Kelsi, Zeke
High School Musical
69.8%
Hamm, Bullseye, Wheezy
Toy Story 2
69.1%
Carl, Dug, Kevin
Up
68.5%
Boo, Celia Mae, Roz
Monsters Inc.
67.9%
Bob Parr, Edna Mode, Mirage
The Incredibles
67.5%
Madame Medusa, Orville, Penny
The Rescuers
62.8%
Linguini, Skinner, Emile
Ratatouille
62.5%
Francis, Heimlich, Slim
A Bug's Life
58.2%
Bert, George Banks, Katie Nanna
Mary Poppins
52.6%
Sally, Mack, Mia and Tia
Cars
44.4%
Governor Weatherby Swann, Pintel and Ragetti, Tia Dalma
Pirates of the Caribbean
37.5%
Shock, Lock, Barrel
The Nightmare before Christmas
24.7%
Papi, Chloe, Delgado
Beverly Hills Chihuahua
11.1%
Quiz Playlist
Details
Report
Send in Message
Add To Playlist
More Info:
Disney movies in this quiz are, but not limited to only animated. Some movies may be live action.
Classic:
Type in answers that appear in a list
Quiz Source
Last Updated: Feb 16, 2017
Quiz Scoreboard
CHALLENGE
Sign Up to Join the Scoreboard
Show All
Scores
Hide
Comments
May contain spoilers
Recently Published
9x9 Crossword: Cartoon Network
by jackfrog10
Miscellaneous
3m
College Basketball Coaching Resumes
by pancakes188
Sports
9m
Billboard Blitz: Fleetwood Mac
by CooCooCachoo
Music
15s
More to Explore
Quiz From the Vault
Featured Blog Post
Where Did the Easter Bunny Come From?
hide this ad
You Might Also Like...
Tags
Disney Quiz
Character
Today's Top Quizzes in Movies
Browse Movies
hide this ad
Today's Top Quizzes in Disney
Browse Disney
Top Contributed Quizzes in Movies
1
Pick 5 Posters: Directed by Spielberg
2
7-to-1: Pixar Characters
3
Pick 5 Posters: Lowest-Rated Spielberg
4
Sorting Actors
5
Sorting Actresses
6
Pick 5 Posters: Directed by Scorsese
7
Hidden Star Wars Character II
8
Pick 5 Posters: Star & Director
9
Hidden Star Wars Character III
10
12 Movies about Fictional 1960s Events
Explore More
Trending Topics
NBA
Disney
Harry Potter
Kpop
Marvel
Crossword
Anime
Puzzle
NFL
Country
Pokémon
The Office
Soccer
Song
WWE
hide this ad
More By:
yosh_Ooz
Quiz
Plays
Rating
Category
Featured
Created
Disney Movies by Characters
1,042
3.33
Movies
Apr 2, 2010
Biggest Public Companies in the US
406
4.25
Miscellaneous
Mar 21, 2010
US States with the Most Counties
321
4.75
Geography
Apr 3, 2010
Top-Earning Dead Celebrities
315
1.67
Entertainment
Mar 13, 2010
Companies by Stock Symbols
283
Miscellaneous
May 15, 2010
Go to Creator's Profile
Score Distribution
Quiz Creator Spotlight
yosh_Ooz
Follow
Send a Message
Quizzes Created
-
Created Quiz Play Count
-
More By This Creator
Popular Quizzes Today
1
Find the US States - No Outlines Minefield
2
Find the Countries of Europe - No Outlines Minefield
3
The Countries of the World
4
Find the US States
5
Risky Map Clicking: Biggest States A-Z
6
US States
7
Popular People in 1961
8
Movies - When Are They Set?
More Movies Quizzes
One-Star Pixar
Published
Trending Quizzes
Risky Map Clicking: Least Populous States A-Z
1-10 Letter G Words
1-10 Letter F Words
Risky Map Clicking: Next State Alphabetically
Adjectives in 80s TV Shows
Recently Updated
Leaping Animals
pecheneg
Reality TV Shows (A-Z)
bhenderson79
Rickey Henderson's Hall of Fame Teammates
pecheneg
Champions League XIs: Arsenal
pecheneg
Quick Pick: Celebrities in WWE's Hall of Fame
aduchscher
A-Z Keypad Blitz II
pecheneg
Multiple Oscar Actors
pecheneg
Mystery Phrase Blitz: Oscar 'Best Actors'
pecheneg
F. Scott Fitzgerald Novels
LTH
Pick 3 Villains
ddd62291
Trending Topics
Crossword
NBA
Anime
Kpop
Disney
Marvel
Harry Potter
Country
Puzzle
WWE
Song
Pokémon
The Office
NFL
Soccer
Your Account Isn't Verified!
In order to create a playlist on Sporcle, you need to verify the email address you used during registration. Go to your
Sporcle Settings
to finish the process.
Report this User
Report this user for behavior that violates our
Community Guidelines
.
Details:
Send Report
Go to the Sporcle.com Mobile Site →
Comments